000 01407cam a2200253 4500
001 ABS63374
008 000000n2000 000 0 eng u
035 _a(Sirsi) u110760
245 _aCo-operative Retail Services Ltd v Taylor Young Partnership
260 _c2000
490 _aConstruction Law Journal
_v[2000] 16 Const.L.J 5, 347-366(20)
520 _aCA 4 July 2000. Appeal by TYP and Hoare Lea and Partners, architects and engineers of an office building extensively damaged by fire during commissioning, against a TCC ruling that the they were not entitled to a contribution from Wimpey and Hall, under the Civil Liability (Contribution) Act 1978, for losses claimed by CRS as W and H were not liable to CRS. The CA upheld the judgment, ruling that W and H had no liability to CRS due to the co-insurance provisions of the contract and that they were not 'persons liable in respect of the same damage' under s1 of the 1978 Act. Appeal dismissed.
590 _aABS
650 _aCIVIL LIABILITY (CONTRIBUTION) ACT 1978 S1(1)
650 _aCO-INSURANCE
650 _aCO-OPERATIVE RETAIL SERVICES V TAYLOR YOUNG PARTNERSHIP
650 _aCONTRIBUTION CLAIMS
650 _aINSURANCE PROVISIONS
650 _aJCT STANDARD FORM OF BUILDING CONTRACT (1980 EDITION)
650 _aJOINT NAMES INSURANCE
650 _aLIABILITY
690 _aBUILDING AND CONSTRUCTION-CASE LAW
942 _n0
999 _c66022
_d66022